000 00341 a2200157 4500
001 57376
020 _a8526229982
040 _cAnchieta - Pituba
100 _aCaruso, Aristides
240 1 0 _aO castelo da intriga
_lpor
245 1 0 _aO castelo da intriga
300 _a48
362 0 _a1997
650 4 _aLiteratura juvenil
942 _cBK
999 _c57376
_d57376